000 00815 a2200241 4500
010 _aENG-88542
020 _a8187649836
_c250.00
035 _aEN-72075
037 _bDBAD / PUB
082 1 4 _a398.20491479
090 _c8847
_d8847
100 _aSmith, John D
245 1 _aThe epic of Pabuji /
_c by John D. Smith; illustrated by Srilal Josi
246 3 0 _aPabuji
250 _a[rev. ed.]
260 _aNew Delhi
_bKatha
_c2005
300 _a182 p., [1] folded plate :
_bill. (some col.) ;
_c24 cm (pbk)
520 _aEnglish verse translation of folk poems on Pabu Rahaura, folk hero of Rajasthan.
700 1 _aSmith, John D.,
700 1 _aJosi, Srilal
942 _adpl
_cEN
_k398.20491479 / EPI
999 _c8686
_d8686